MCITP self-paced training kit (exam 70-623): (Record no. 10545)

MARC details
000 -LEADER
fixed length control field 00786 a2200205 4500
010 ## - LIBRARY OF CONGRESS CONTROL NUMBER
LC control number ENG-89394
020 ## - INTERNATIONAL STANDARD BOOK NUMBER
International Standard Book Number 81820334045
Terms of availability 595.00
035 ## - SYSTEM CONTROL NUMBER
System control number EN-72927
037 ## - SOURCE OF ACQUISITION
Source of stock number/acquisition DBAD / PUB
082 14 - DEWEY DECIMAL CLASSIFICATION NUMBER
Classification number 005.43
090 ## - LOCALLY ASSIGNED LC-TYPE CALL NUMBER (OCLC); LOCAL CALL NUMBER (OCLC)
-- 10845
-- 10845
100 ## - MAIN ENTRY--PERSONAL NAME
Personal name Desai, Anil
245 1# - TITLE STATEMENT
Title MCITP self-paced training kit (exam 70-623):
Statement of responsibility, etc by Anil Desai
Remainder of title supporting and troubleshooting applications on a Windows Vista client for consumer support technicians/
260 ## - PUBLICATION, DISTRIBUTION, ETC. (IMPRINT)
Place of publication, distribution, etc New Delhi
Name of publisher, distributor, etc Prentice Hall of India
Date of publication, distribution, etc 2008
270 ## - ADDRESS
Address M-97, Connaught Circus
City New Delhi
State or province Delhi
Postal code 110001
300 ## - PHYSICAL DESCRIPTION
Extent xxv, 651p.
Dimensions 24 cm ( Pbk.)
Accompanying material CD-ROM
500 ## - GENERAL NOTE
General note Includes Index
942 ## - ADDED ENTRY ELEMENTS (KOHA)
Institution code [OBSOLETE] dpl
Koha item type English Books
Call number prefix 005.43 / DES
Holdings
Withdrawn status Lost status Source of classification or shelving scheme Damaged status Not for loan Collection code Home library Current library Source of acquisition Cost, normal purchase price Total Checkouts Full call number Barcode Date last seen Copy number Uniform Resource Identifier Cost, replacement price Price effective from Koha item type
    Dewey Decimal Classification   Not For Loan Non-fiction D.B.Act.Division D.B.Act.Division DBAD/PUB 595.00   005.43 DES EN-72927 15/09/2008 1 11615 595.00 15/09/2008 English Books

© Delhi Public Library
Hit Counter
free hit counter